Представление документа в формате RUSMARC

ПолеНазваниеЗначение
  Тип записи a
  Библиографический уровень m
001 Контрольный номер RU/SLIB/B/208735139
005 Дата корректировки 20201206204035.9
010 Индекс ISBN __
a ISBN 5-9228-0023-х
a ISBN 5-8243-0256-1
d Цена 162-00
101 Язык документа 0_
a Язык текста rus
c Язык оригинала rus
200 Заглавие и сведения об ответственности 0_
a Заглавие Китай в мировой политике
f Первые сведения об ответственности Моск. гос. ин-т междунар. отношений (ун-т); [отв. ред.-сост. А. Д. Воскресенский ; редкол.: А. В. Торкунов (отв. ред.), А. Ю. Мельвиль, М. М. Наринский]
b Общее обозначение материала Текст
210 Выходные данные __
a Место издания М.
c Издательство РОССПЭН
d Дата издания 2001
215 Физическое описание __
a Объем 528 с.
225 Серия __
a Серия Учебники МГИМО
330 Аннотация __
a Аннотация Рассмотрены геополитические и геоэкономические вопросы, связанные с выдвижением Китая в ранг государств "первого уровня", а также последствия, связанные с этим процессом.
606 Тематические рубрики __
a Основная рубрика Политика. Политология
y Географическая подрубрика Китай; КНР; Китайская Народная Республика; США; Соединенные Штаты Америки; Россия; РФ; Российская Федерация; Центральная Азия; Индия; Южно-Китайское море
606 Тематические рубрики __
a Основная рубрика Международные отношения и внешняя политика в целом
610 Ключевые слова __
a Ключевые слова международные отношения; внешнеэкономические связи; пограничные режимы; государственные границы; национальная безопасность; внутренняя политика; американо-китайские отношения; российско-китайские отношения; гастарбайтеры; трудовая миграция; развивающиеся страны; экономика; индийско-китайские отношения; политические проблемы
686 Индексы других классификаций __
a Классификационный индекс 66.4(5Кит); ст66.4(3)
702 Вторичная интеллектуальная ответственность _1
a Фамилия Воскресенский
b Имя А. Д.
4 Код отношения Составитель
4 Код отношения 220
4 Код отношения 651
702 Вторичная интеллектуальная ответственность _1
a Фамилия Мельвиль
b Имя А. Ю.
4 Код отношения Редактор
4 Код отношения 340
702 Вторичная интеллектуальная ответственность _1
a Фамилия Торкунов
b Имя А. В.
4 Код отношения Редактор
4 Код отношения 651
702 Вторичная интеллектуальная ответственность _1
a Фамилия Наринский
b Имя М. М.
4 Код отношения Редактор
4 Код отношения 340
801 Источник записи _0
a Страна RU
b Организация Муниципальное бюджетное учреждение культуры "Централизованная библиотечная система" г. Сургут (Центральная городская библиотека им. А. С. Пушкина)
g Правила каталогизации КиК/Котельникова
801 Источник записи _1
a Страна RU
b Организация Муниципальное бюджетное учреждение культуры "Централизованная библиотечная система" г. Сургут (Центральная городская библиотека им. А. С. Пушкина)
g Правила каталогизации КиК/Котельникова
852 Данные о местонахождении __
j Шифр хранения 66.4(5Кит)
c Каталожный индекс 66.4(5Кит)
i Авторский знак К 45
901 Тип документа __
t Тип документа m
903 Характеристики (МАРС) __
a Дата передачи 20050719; 20030226
990 Данные о заказе (DOS) __
j Количество экземпляров (DOS) 1; 3
t N записи в КСУ для И/У (DOS) 200507; 200303